[Event "EuTCh"]
[Site "Plovdiv BUL"]
[Date "2003.10.11"]
[Round "1"]
[White "Luther,T"]
[Black "Seeman,T"]
[Result "1-0"]
[WhiteElo "2580"]
[BlackElo "2429"]

1.e4 c5 2.Nf3 e6 3.d4 cxd4 4.Nxd4 Nc6 5.Nc3 d6 6.Be3 Nf6 7.f3 Be7 8.Qd2 O-O
9.O-O-O a6 10.h4 Nxd4 11.Qxd4 b5 12.h5 e5 13.Qd2 b4 14.Na4 Rb8 15.g4 Bd7
16.b3 Bxa4 17.bxa4 Qc7 18.Kb1 Qc6 19.g5 Nd7 20.g6 Nf6 21.Qd3 Qxa4 22.Qb3 Qxb3+
23.cxb3 fxg6 24.hxg6 hxg6 25.Bc4+ d5 26.exd5 Bd6 27.Rhg1 e4 28.f4 Kh7 29.Rh1+ Nh5
30.Rdf1 Kg8 31.Rh4 Ng3 32.Rg1 Nf5 33.Rhg4 Kf7  1-0

[Event "EuTCh"]
[Site "Plovdiv BUL"]
[Date "2003.10.11"]
[Round "1"]
[White "Mitkov,N"]
[Black "Erdogdu,M"]
[Result "1-0"]
[WhiteElo "2530"]
[BlackElo "2359"]

1.e4 c5 2.Nc3 Nc6 3.Nf3 e6 4.d4 cxd4 5.Nxd4 Qb6 6.Nb3 a6 7.Bd3 Nf6 8.O-O Qc7
9.f4 d6 10.Kh1 g6 11.Qe1 Bg7 12.Qh4 h6 13.Bd2 b6 14.Nd1 d5 15.exd5 Nxd5 16.c4 Nde7
17.Bc3 O-O 18.Nf2 Bxc3 19.bxc3 Kg7 20.Ng4 Ng8 21.Nd4 Bb7 22.f5 exf5 23.Nxf5+ gxf5
24.Nxh6 Nce7 25.Nxf5+ Nxf5 26.Qg5+ Kh8 27.Qxf5 f6 28.Qh5+  1-0

[Event "EuTCh"]
[Site "Plovdiv BUL"]
[Date "2003.10.11"]
[Round "1"]
[White "Wagener,C"]
[Black "Perunovic,Mil"]
[Result "0-1"]
[WhiteElo "2217"]
[BlackElo "2534"]

1.e4 c5 2.Nf3 e6 3.Nc3 Nc6 4.d4 cxd4 5.Nxd4 Qc7 6.Be3 a6 7.Bd3 Nf6 8.O-O b5
9.Nxc6 Qxc6 10.f3 Bb7 11.Qe2 Bb4 12.Nd1 O-O 13.Nf2 Be7 14.Rac1 d6 15.c4 b4
16.b3 Nd7 17.Bb1 a5 18.Rfd1 e5 19.Nd3 Qa6 20.Qf2 Rac8 21.Kh1 Bc6 22.Qg3 Rfe8
23.Nf2 Qb7 24.Ng4 Kh8 25.Bg1 Nf8 26.Ne3 Ne6 27.Nf5 Rcd8 28.Be3 Bf8 29.Qf2 Rd7
30.Qd2 g6 31.Ng3 Bg7 32.Bh6 Bxh6 33.Qxh6 Qb6 34.Qd2 Kg8 35.Nf1 Nc5 36.Ne3 Qd8
37.Ng4 h5 38.Nf2 Ne6 39.Qe3 Qb8 40.Rd2 Red8 41.Rcd1 Qa8 42.Nd3 Kg7 43.Qf2 Qb7
44.Qe3 f6 45.Qf2 Qa7 46.Kg1 Qxf2+ 47.Kxf2 Kf7 48.Ke3 Ke7 49.g3 h4 50.Ne1 hxg3
51.hxg3 Rh8 52.Rg2 Rh1 53.Kf2 Rd8 54.Rg1 Rh2+ 55.Rg2 Rdh8 56.Nc2 Nc5 57.Ne3 Bb7
58.Ng4 R2h3 59.Ne3 Bc6 60.Bc2 Ra8 61.Rgg1 Ne6 62.Rh1 Rhh8 63.Rxh8 Rxh8 64.Kg2 Nd4
65.Rf1 Kd7 66.Bd3 a4 67.Nc2 axb3 68.Nxd4 bxa2 69.Nb3 Ra8 70.Na1 Ra3 71.Bc2 Ba4
72.Bxa4+ Rxa4 73.Rf2 Kc6 74.Rb2 Kc5 75.Kf2 Kxc4 76.Rc2+ Kb5 77.Rb2 Ra3 78.Ke2 f5
79.exf5 gxf5 80.Kf2 d5 81.g4 fxg4 82.fxg4 e4 83.g5 d4 84.g6 Ra6 85.g7 Rg6
86.Rxa2 Rxg7 87.Nb3 Kc4 88.Nd2+ Kd3 89.Nf1 e3+ 90.Ke1 b3 91.Ra8 Rc7  0-1

[Event "Arctic Cup u16"]
[Site "Salekhard RUS"]
[Date "2003.10.11"]
[Round "9"]
[White "Rozhkov,V"]
[Black "Demin,V1"]
[Result "0-1"]
[WhiteElo "2109"]
[BlackElo "2345"]

1.e4 c5 2.Nf3 e6 3.d4 cxd4 4.Nxd4 Nc6 5.Nc3 Qc7 6.Be3 a6 7.g3 Nf6 8.Bg2 Be7
9.O-O O-O 10.g4 h6 11.f4 d6 12.g5 hxg5 13.fxg5 Nh7 14.Nxc6 bxc6 15.Qh5 g6
16.Qh6 Qa5 17.h4 Qe5 18.Rad1 Qg7 19.Qxg7+ Kxg7 20.e5 dxe5 21.Bxc6 Rb8 22.b3 Rd8
23.Ne4 Bb7 24.Bxb7 Rxb7 25.Rxf7+ Kxf7 26.Rxd8 Rb4 27.Nd6+ Bxd6 28.Rxd6 Rxh4
29.Rxa6 Nxg5 30.Bxg5 Rg4+ 31.Kf2 Rxg5 32.a4 Rh5 33.Rc6 Ke7 34.c4 Rh2+ 35.Kg3 Ra2
36.c5 Rb2 37.Rc8 Rxb3+ 38.Kg4 Rb4+ 39.Kg5 Kd7 40.Rg8 Rxa4 41.Rxg6 Rc4 42.Kf6 Rxc5
43.Rg5 Kd6  0-1

[Event "Open"]
[Site "Winterthur SUI"]
[Date "2003.10.11"]
[Round "9"]
[White "Antognini,F"]
[Black "Kappeler,K"]
[Result "1-0"]
[WhiteElo "2174"]
[BlackElo "2029"]

1.e4 c5 2.Nf3 e6 3.d4 cxd4 4.Nxd4 Nc6 5.Nc3 d6 6.Be3 Nf6 7.f3 Be7 8.Qd2 O-O
9.O-O-O d5 10.Qe1 Bb4 11.a3 Bxc3 12.Qxc3 Bd7 13.Nxc6 Bxc6 14.e5 Nd7 15.f4 Rc8
16.Qd2 Ba4 17.Bd3 Nb6 18.Kb1 Qe7 19.Qb4 Rfe8 20.Bxb6 Qxb4 21.axb4 axb6 22.b5 Rc5
23.b4 Rc3 24.Kb2 Rxd3 25.Rxd3 Bxb5 26.Rc3 Bc6 27.Ra3 g6 28.Rha1 Kg7 29.Ra8 h6
30.Rxe8 Bxe8 31.Kc3 Bc6 32.Kd4 Bb5 33.Ra7 Bc6 34.g4 Kf8 35.g5 hxg5 36.fxg5 Ke8
37.c3 Kd8 38.b5 Bxb5 39.Rxb7 Ke8 40.Rxb6 Ba4 41.Kc5  1-0

[Event "zt 3.1a"]
[Site "Dubai UAE"]
[Date "2003.10.12"]
[Round "9"]
[White "Mahjoob,M"]
[Black "Tayeb,S"]
[Result "1-0"]
[WhiteElo "2408"]
[BlackElo "2241"]

1.e4 c5 2.Nc3 e6 3.Nf3 Nc6 4.d4 cxd4 5.Nxd4 Nf6 6.Ndb5 Bb4 7.a3 Bxc3+ 8.Nxc3 d5
9.exd5 exd5 10.Bd3 d4 11.Ne4 Nxe4 12.Bxe4 Bf5 13.Bxf5 Qa5+ 14.b4 Qxf5 15.Qe2+ Qe6
16.Bb2 a6 17.Qxe6+ fxe6 18.O-O-O O-O 19.f3 e5 20.Rhe1 Rac8 21.Kb1 Rfe8 22.Re4 b5
23.c3 dxc3 24.Bxc3 Na5 25.Rxe5 Rxe5 26.Bxe5 Nc4 27.Bc3 Nxa3+ 28.Kb2 Nc4+
29.Kb3 Rc7 30.Rd8+ Kf7 31.Ra8 Ke6 32.Rxa6+ Kd5 33.Ra8 g6 34.Rd8+ Kc6 35.Bd4 Kb7
36.Bc5 Nb6 37.h4 Na4 38.Rd5 Rf7 39.Be3 Kc6 40.Re5 Rc7 41.f4 Rf7 42.g4 Rd7
43.Kc2 Rc7 44.Bd4 Rd7 45.Kd3 Nb2+ 46.Ke4 Nc4 47.Rc5+  1-0

[Event "EuTCh"]
[Site "Plovdiv BUL"]
[Date "2003.10.13"]
[Round "3"]
[White "Jenni,F"]
[Black "Ivanisevic,I"]
[Result "0-1"]
[WhiteElo "2522"]
[BlackElo "2548"]

1.e4 c5 2.Nf3 e6 3.d4 cxd4 4.Nxd4 Nc6 5.Nc3 Qc7 6.Be2 a6 7.O-O Nf6 8.Kh1 h5
9.f4 Nxd4 10.Qxd4 b5 11.e5 Ng4 12.a4 bxa4 13.Rxa4 Bb7 14.Rc4 Bc6 15.Bf3 Be7
16.Ne4 O-O 17.Nd6 f6 18.Bxc6 dxc6 19.Qc3 fxe5 20.Rxc6 Qd7 21.Ne4 Qd5 22.Qf3 exf4
23.Rc7 Rae8 24.Nc3 Qf5 25.Qb7 f3 26.Qxf3 Qe5 27.Bf4 Rxf4 28.Qxf4 Rf8 29.Rc4 Rxf4
30.Rcxf4 g5  0-1

[Event "EuTCh"]
[Site "Plovdiv BUL"]
[Date "2003.10.13"]
[Round "3"]
[White "Antoniou,A"]
[Black "Navara,D"]
[Result "0-1"]
[WhiteElo "2208"]
[BlackElo "2607"]

1.e4 c5 2.Nf3 e6 3.d4 cxd4 4.Nxd4 Nc6 5.Nc3 a6 6.Be3 Nf6 7.Nxc6 bxc6 8.e5 Nd5
9.Nxd5 cxd5 10.Bd3 d6 11.exd6 Bxd6 12.O-O O-O 13.Qh5 g6 14.Qh6 Be5 15.Rab1 Bg7
16.Qg5 a5 17.Rfd1 Qxg5 18.Bxg5 Ba6 19.Be3 Rfc8 20.Bxa6 Rxa6 21.c3 a4 22.a3 Ra5
23.Rbc1 Rb5 24.Rc2 Rc4 25.Kf1 h6 26.f4 Bf6 27.Ke2 Kg7 28.Kd3 Rb3 29.g3 g5
30.fxg5 hxg5 31.Rf1 Bd8 32.Rcf2 f6 33.h4 gxh4 34.gxh4 Rxh4 35.Rg1+ Kf7 36.Rfg2 Rh7
37.Rg8 Be7 38.R1g2 Rxb2  0-1

[Event "HSK IM"]
[Site "Hamburg GER"]
[Date "2003.10.14"]
[Round "3"]
[White "Murdzia,P"]
[Black "Lindinger,M"]
[Result "1/2-1/2"]
[WhiteElo "2446"]
[BlackElo "2358"]

1.e4 c5 2.Nf3 Nc6 3.Nc3 e6 4.d4 cxd4 5.Nxd4 Nf6 6.Nxc6 bxc6 7.e5 Nd5 8.Ne4 Bb7
9.Be2 c5 10.O-O Qc7 11.c4 Ne3 12.Nd6+ Bxd6 13.exd6 Qc6 14.Bf3 Nxd1 15.Bxc6 Bxc6
16.Rxd1 O-O 17.Be3 Rfc8 18.Rd3 a5 19.Rb3 a4 20.Rb6 Ra5 21.Re1 f6 22.f3 Kf7
23.Kf2 e5 24.f4 Re8 25.Bd2 Raa8 26.fxe5 Rxe5 27.Rxe5 fxe5 28.Be3 Rc8 29.Bxc5 Be4
30.Rb5 Bb1 31.Bb4 Rxc4 32.Bc3 Rf4+  1/2-1/2

[Event "EuTCh"]
[Site "Plovdiv BUL"]
[Date "2003.10.14"]
[Round "4"]
[White "Papaioannou,I"]
[Black "Kveinys,A"]
[Result "1-0"]
[WhiteElo "2577"]
[BlackElo "2495"]

1.e4 c5 2.Nf3 Nc6 3.Nc3 e6 4.d4 cxd4 5.Nxd4 Qc7 6.Be2 a6 7.O-O Nf6 8.Be3 Bb4
9.Na4 O-O 10.Nxc6 bxc6 11.Nb6 Rb8 12.Nxc8 Rfxc8 13.Bxa6 Rf8 14.Bd3 Bd6 15.f4 e5
16.f5 Rxb2 17.g4 Qa5 18.g5 Bc5 19.gxf6 Bxe3+ 20.Kh1 gxf6 21.Qg4+ Kh8 22.Rg1 Bg5
23.h4 Bh6 24.Rg3 Qd2 25.Rag1 Rbb8 26.Bc4 d5 27.exd5 cxd5 28.R3g2 Qa5 29.Bb3 Qc5
30.Qh5 Be3 31.Rg7 h6 32.R1g5  1-0

[Event "1st Israel Int Op"]
[Site "Ashdod ISR"]
[Date "2003.10.15"]
[Round "6"]
[White "Klovans,J"]
[Black "Bar,R"]
[Result "1-0"]
[WhiteElo "2462"]
[BlackElo "2410"]

1.e4 c5 2.Nf3 Nc6 3.d4 cxd4 4.Nxd4 e6 5.Nc3 Qc7 6.Be2 a6 7.O-O Nf6 8.Be3 Bb4
9.Na4 Be7 10.Nxc6 bxc6 11.Nb6 Rb8 12.Nxc8 Qxc8 13.Bd4 c5 14.Be5 Rb6 15.Qd3 O-O
16.Rad1 d6 17.Bc3 d5 18.exd5 Nxd5 19.Be5 Bf6 20.Bxf6 Nxf6 21.b3 h6 22.Rd2 a5
23.Rfd1 Qc7 24.Bf3 Rc8 25.Qc4 Rb4 26.Qa6 c4 27.Rd6 Rcb8 28.Rc6 Qf4 29.Qxa5 e5
30.Qc7 Ne8 31.Qe7 R4b7 32.Qc5 e4 33.Be2 cxb3 34.axb3 Nf6 35.g3 Qg5 36.Rc8+ Kh7
37.Qxg5 hxg5 38.Rxb8 Rxb8 39.Bc4 Rb7 40.Kf1 Kg6 41.Ke2 Kf5 42.h3 g4 43.h4 e3
44.fxe3 Ke5 45.Rd8 Re7 46.Bd3 Re6 47.Ra8 Kd6 48.Ra6+ Kc5 49.Rxe6 fxe6 50.c3 Nd5
51.b4+ Kd6 52.Kd2 Nf6 53.Bg6 Nd7 54.c4  1-0

[Event "HSK IM"]
[Site "Hamburg GER"]
[Date "2003.10.15"]
[Round "5"]
[White "Sebastian,D"]
[Black "Helm,L"]
[Result "1-0"]
[WhiteElo "2360"]
[BlackElo "2199"]

1.e4 c5 2.Nf3 Nc6 3.Nc3 e6 4.d4 cxd4 5.Nxd4 Qc7 6.Be2 a6 7.O-O Nf6 8.Be3 Bb4
9.Na4 Be7 10.Nxc6 bxc6 11.Nb6 Rb8 12.Nxc8 Qxc8 13.Bd4 c5 14.Be5 Rb6 15.Qd3 d6
16.Bc3 O-O 17.b3 Qc6 18.Bf3 Qb5 19.Qe3 e5 20.Be2 Qc6 21.Bd3 c4 22.Bxc4 Nxe4
23.Ba5 Rbb8 24.Rad1 Qc5 25.Qxc5 Nxc5 26.Bc7 Rbc8 27.Bxd6 Bxd6 28.Rxd6 Ne4
29.Rd5 Nc3 30.Rxe5 Nxa2 31.Ra1 Nb4 32.c3 Nc6 33.Rc5 Nb8 34.Rxc8 Rxc8 35.Kf1 Kf8
36.Ke2 Rc6 37.Ra5 Ke7 38.f4 Rf6 39.g3 Rh6 40.h4 Rc6 41.g4 Rf6 42.Ke3 Rc6
43.g5 f6 44.h5 Rb6 45.Kd2 Rd6+ 46.Kc2 Rc6 47.Bd3 h6 48.gxh6 gxh6 49.b4 Rd6
50.Ra1 Rd5 51.Re1+ Kf8 52.Re6 Rxh5 53.Rxf6+ Ke7 54.Rb6 Rh2+ 55.Kb3 Nd7 56.Rxa6 h5
57.f5 h4 58.Re6+ Kd8 59.Bb5 Rd2 60.Rh6  1-0

[Event "EuTCh w"]
[Site "Plovdiv BUL"]
[Date "2003.10.15"]
[Round "5"]
[White "Vasiliev,Olg"]
[Black "Nill,J"]
[Result "0-1"]
[WhiteElo "2189"]
[BlackElo "2265"]

1.e4 c5 2.Nf3 e6 3.d4 cxd4 4.Nxd4 Nc6 5.Nc3 Qc7 6.Be2 a6 7.O-O Nf6 8.a4 Bb4
9.Bg5 Bxc3 10.Bxf6 gxf6 11.bxc3 Ne7 12.Qd2 b6 13.Qh6 Ng6 14.Nf5 Bb7 15.Ng7+ Ke7
16.Bd3 Qf4 17.Qh3 h5 18.Be2 Qg5 19.Nxh5 Nf4 20.Nxf4 Rxh3 21.Nxh3 Qh6 22.f3 Qe3+
23.Rf2 Qxc3 24.Rb1 Qxc2 25.Rxb6 Qc1+ 26.Bf1 Bc6 27.Rb4 Qa3 28.Rbb2 Qxa4 29.Ra2 Qd4
30.Rxa6 Rb8 31.Ra2 Rb1 32.Rd2 Qe3 33.Re2 Qd4 34.Rd2 Qc3 35.Rc2 Rxf1+ 36.Rxf1 Qxc2
37.Nf2 f5 38.exf5 Qxf5 39.h3 Qc5 40.Rd1 Qe3 41.h4 Qf4 42.Ng4 Qg3 43.Rd3 Qe1+
44.Kh2 Qxh4+ 45.Kg1 f5 46.Nf2 Bb5 47.Rd1 d5 48.Nh3 Qb4 49.Kh2 d4 50.Nf4 d3  0-1

[Event "ch-Africa"]
[Site "Abuja NGR"]
[Date "2003.10.16"]
[Round "8"]
[White "Domingos,C"]
[Black "Chumfwa,S"]
[Result "0-1"]
[WhiteElo "2266"]
[BlackElo "2318"]

1.e4 c5 2.Nf3 e6 3.d4 cxd4 4.Nxd4 Nc6 5.Nc3 Qc7 6.g3 a6 7.Bg2 d6 8.O-O Bd7
9.Re1 Be7 10.Be3 Nf6 11.Nb3 Ne5 12.h3 Nc4 13.Bc1 O-O 14.Nd4 Rac8 15.b3 Na5
16.Bb2 b5 17.a3 Rfd8 18.Qe2 Nc6 19.Nxc6 Bxc6 20.Rad1 Be8 21.Rd2 Qb6 22.Red1 a5
23.Nb1 e5 24.Nc3 b4 25.Na4 Qb7 26.f4 Bb5 27.Qe3 Nd7 28.Kh2 Qc6 29.fxe5 dxe5
30.axb4 axb4 31.Rd5 f6 32.Qd2 Bxa4 33.bxa4 Nb6 34.Rxd8+ Rxd8 35.Qe2 Rxd1
36.Qxd1 Nxa4 37.Bc1 g6 38.Qd3 Kg7 39.Be3 Nc3 40.Bf3 Nb5 41.g4 Na3 42.Bd1 Nc4
43.Kg3 Nb2 44.Qd7  0-1

[Event "La Raza"]
[Site "Medellin COL"]
[Date "2003.10.16"]
[Round "3"]
[White "Celis Sanchez,C"]
[Black "Arias,N"]
[Result "1-0"]
[WhiteElo "2321"]
[BlackElo "2310"]

1.e4 c5 2.Nf3 e6 3.d4 cxd4 4.Nxd4 Nc6 5.Nc3 Qc7 6.Be2 a6 7.O-O Nf6 8.Be3 Bb4
9.Na4 Be7 10.Nxc6 bxc6 11.Nb6 Rb8 12.Nxc8 Qxc8 13.Bd4 c5 14.Be5 Rb6 15.c4 O-O
16.Bd3 d6 17.Bc3 Nd7 18.f4 Qb8 19.e5 g6 20.Qe2 Re8 21.b3 Bf8 22.Rad1 Rb7
23.Be4 Ra7 24.Bc6 Rc8 25.Bf3 dxe5 26.fxe5 Qc7 27.Bg4 Nb8 28.Rd3 Bg7 29.Kh1 Rd8
30.Rfd1 Rxd3 31.Rxd3 Qe7 32.Bf3 Rd7 33.Rxd7 Qxd7 34.Qe4 Qc7 35.g3 h5 36.Kg2 Nd7
37.Qa8+ Kh7 38.Qxa6 Bxe5 39.Ba5 Qb8 40.Qb7 Qd6 41.Qc6 Qd3 42.Qe4 Qd6 43.Be1 Nf6
44.Qc6 Qd4 45.Bf2 Qb2 46.Qxc5 Bc3 47.Qe3 e5 48.Bd1 Ng4 49.Qe2 Qxe2 50.Bxe2 Nxf2
51.Kxf2 Bb4 52.Ke3 f5 53.h3 Kh6 54.Bf3 g5 55.g4 Bc5+ 56.Kd3 e4+ 57.Bxe4 fxg4
58.hxg4 hxg4 59.Kc3 g3 60.b4 Ba7 61.c5 g4 62.c6 Bb8 63.a4 Kg5 64.a5 Kf4 65.Kd3 Ke5
66.b5  1-0

[Event "1st Israel Int Op"]
[Site "Ashdod ISR"]
[Date "2003.10.17"]
[Round "9"]
[White "Tyomkin,D"]
[Black "Lerner,K"]
[Result "1-0"]
[WhiteElo "2476"]
[BlackElo "2524"]

1.e4 c5 2.Nf3 e6 3.Nc3 Nc6 4.d4 cxd4 5.Nxd4 a6 6.Be3 Qc7 7.Qd2 Nf6 8.f3 Bb4
9.a3 Be7 10.g4 h6 11.O-O-O Ne5 12.Kb1 b5 13.f4 Nc4 14.Bxc4 Qxc4 15.e5 Nxg4
16.Rhg1 Nxe3 17.Qxe3 g6 18.Ne4 Bb7 19.Nd6+ Bxd6 20.exd6 Qc5 21.Rd3 Rc8 22.f5 g5
23.b4 Qxd6 24.Nxb5 Qxd3 25.cxd3 axb5 26.Qe5 Rg8 27.f6 Bc6 28.Qd6 Kd8 29.Rc1 g4
30.Rc5 h5 31.Rxh5 Bd5 32.Rh7 Rc6 33.Qb8+ Rc8 34.Qb6+ Rc7 35.Rxf7 Kc8 36.Qd6 Rg5
37.Qa6+ Rb7 38.Qa8+ Kc7 39.Qe8 Kd6 40.Qe7+ Ke5 41.Qc5 Kf4 42.Rg7 Ba2+ 43.Kxa2 Rxc5
44.bxc5 Rb8 45.Rxd7 Rh8 46.c6 Rxh2+ 47.Kb3 Rh8 48.c7 g3 49.Rg7 Kf3 50.f7 Rf8
51.Rg8 g2 52.c8=Q Rxc8 53.Rxc8 Ke2 54.Rc2+  1-0

[Event "La Raza"]
[Site "Medellin COL"]
[Date "2003.10.17"]
[Round "4"]
[White "Pupo,E"]
[Black "Zapata,A"]
[Result "1/2-1/2"]
[WhiteElo "2368"]
[BlackElo "2472"]

1.e4 c5 2.Nf3 e6 3.d4 cxd4 4.Nxd4 Nc6 5.Nc3 Qc7 6.Be3 a6 7.Qd2 Nf6 8.O-O-O Be7
9.f3 O-O 10.g4 b5 11.g5 Nh5 12.Nce2 g6 13.Kb1 Nxd4 14.Qxd4 d5 15.e5 Bd7 16.f4 Rfc8
17.Qd2 b4 18.Nd4 Bc5 19.Bh3 a5 20.Bg4 Ng7 21.h4 a4 22.Rc1 Ra6 23.h5 Bf8 24.hxg6 fxg6
25.Qh2 Nh5 26.Qh3 a3 27.Bxh5 gxh5 28.Qxh5 Be8 29.g6 h6 30.Qe2 Rca8 31.g7 Bxg7
32.Rcg1 axb2 33.Qg4 Rxa2 34.Qxe6+ Kf8 35.Qf5+ Kg8 36.Qe6+ Kf8 37.Qf5+ Kg8
38.Qe6+  1/2-1/2

[Event "EuTCh"]
[Site "Plovdiv BUL"]
[Date "2003.10.17"]
[Round "6"]
[White "Mitkov,N"]
[Black "Ivanisevic,I"]
[Result "1/2-1/2"]
[WhiteElo "2530"]
[BlackElo "2548"]

1.e4 c5 2.Nf3 e6 3.Nc3 Nc6 4.d4 cxd4 5.Nxd4 Qc7 6.Be3 a6 7.Bd3 Nf6 8.O-O Ne5
9.h3 Bc5 10.Kh1 d6 11.f4 Ng6 12.Qe1 Bd7 13.f5 Ne5 14.Nce2 exf5 15.exf5 Nd5
16.Bg1 O-O 17.Qg3 Kh8 18.a3 Rae8 19.b4 Bb6 20.c4 Nf6 21.Nf4 Nxd3 22.Qxd3 Re5
23.Rac1 Qd8 24.Qf3 Ne4 25.Nd5 Nd2 26.Qd3 Nxf1 27.Rxf1 Ba7 28.f6 Rg8 29.Nf3 Bxg1
30.Nxe5 dxe5 31.Kxg1 Bc6 32.Qf3 gxf6 33.Qxf6+ Qxf6 34.Rxf6 Kg7 35.Rd6 Re8
36.Ne3 Be4 37.g4 f6 38.Kf2 Kg6 39.h4 Kf7 40.c5 Rg8 41.Nf5 Ke8 42.Rxf6 Rxg4
43.Nd6+ Kd7 44.Nxe4 Rxe4 45.Rf7+ Kc6 46.Rxh7 a5 47.Rh6+ Kd5 48.Rd6+ Kc4 49.Rb6 Rxh4
50.Rxb7 Kd4 51.Rd7+ Kc4 52.c6 Rh6 53.c7 Rc6 54.Rd1 Kb3 55.Rd3+ Ka4 56.Rd6 Rxc7
57.Ra6 Kxa3 58.Rxa5+  1/2-1/2

[Event "EuTCh"]
[Site "Plovdiv BUL"]
[Date "2003.10.18"]
[Round "7"]
[White "Thorhallsson,T"]
[Black "Kveinys,A"]
[Result "1/2-1/2"]
[WhiteElo "2444"]
[BlackElo "2495"]

1.e4 c5 2.Nf3 Nc6 3.d4 cxd4 4.Nxd4 e6 5.Nc3 Qc7 6.g3 a6 7.Bg2 Nf6 8.Be3 Bb4
9.O-O Ne5 10.Nde2 O-O 11.a3 Be7 12.h3 d6 13.b3 Bd7 14.f4 Ng6 15.a4 Rfe8 16.a5 Rac8
17.Bb6 Qb8 18.Qd3 Bc6 19.Bf2 Qc7 20.Bb6 Qb8 21.Bf2 Qc7 22.Bb6  1/2-1/2

[Event "EuTCh"]
[Site "Plovdiv BUL"]
[Date "2003.10.18"]
[Round "7"]
[White "Dutreeuw,M"]
[Black "Landenbergue,C"]
[Result "1/2-1/2"]
[WhiteElo "2321"]
[BlackElo "2441"]

1.e4 c5 2.Nf3 e6 3.d4 cxd4 4.Nxd4 Nc6 5.Nc3 Qc7 6.Be2 a6 7.O-O Nf6 8.Be3 Bb4
9.Na4 Be7 10.Nxc6 bxc6 11.Nb6 Rb8 12.Nxc8 Rxc8 13.Bxa6 Rb8 14.Bd3 Rxb2 15.a4 O-O
16.Qf3 Qa5 17.Bd4 Rbb8 18.Qg3 c5 19.Be5 Rbc8 20.Bb5 d6 21.Bc3 Qc7 22.Rad1 Rfd8
23.Ba1  1/2-1/2

[Event "EuTCh"]
[Site "Plovdiv BUL"]
[Date "2003.10.18"]
[Round "7"]
[White "Kallio,H"]
[Black "Navara,D"]
[Result "0-1"]
[WhiteElo "2493"]
[BlackElo "2607"]

1.e4 c5 2.Nf3 e6 3.d4 cxd4 4.Nxd4 Nc6 5.Nc3 a6 6.Be2 d6 7.Be3 Nf6 8.Qd2 Be7
9.O-O-O O-O 10.Kb1 Nxd4 11.Qxd4 b5 12.Bf3 Bb7 13.Bg5 Rc8 14.e5 Bxf3 15.exf6 gxf6
16.Bh6 Bxd1 17.Rxd1 Rc4 18.Qe3 f5 19.h3 Kh8 20.Bxf8 Qxf8 21.Qa7 d5 22.Qxa6 b4
23.Ne2 Qb8 24.f4 h5 25.b3 Re4 26.Qd3 Qb6 27.Qf3 Kg8 28.Rd3 h4 29.g3 hxg3
30.Qxg3+ Kf8 31.Qg2 Bf6 32.Qf1 Ke7 33.Ng3 Re3 34.Rxe3 Qxe3 35.Ne2 Qd2 36.Qf2 d4
37.Qg2 d3 38.Qb7+ Kf8 39.Qc8+ Kg7 40.Nc1 Qxf4 41.cxd3 Qd4 42.Kc2 Qb2+ 43.Kd1 Bc3
44.Qxc3+ bxc3  0-1

[Event "EuTCh"]
[Site "Plovdiv BUL"]
[Date "2003.10.18"]
[Round "7"]
[White "Hector,J"]
[Black "Lutz,C"]
[Result "1-0"]
[WhiteElo "2515"]
[BlackElo "2613"]

1.e4 c5 2.Nf3 e6 3.d4 cxd4 4.Nxd4 Nc6 5.Nc3 Qc7 6.Be3 a6 7.Bd3 Nf6 8.O-O Nxd4
9.Bxd4 Bc5 10.Bxc5 Qxc5 11.Na4 Qc7 12.c4 d6 13.Qb3 Bd7 14.Nb6 Rd8 15.Rac1 O-O
16.Qb4 Qc5 17.Qxc5 dxc5 18.e5 Bc6 19.Rcd1 Ng4 20.Rfe1 Rd4 21.Bc2 Rfd8 22.Rxd4 Rxd4
23.Re2 h5 24.f3 Nh6 25.Kf2 Kf8 26.Ke3 Ke7 27.b4 Nf5+ 28.Bxf5 exf5 29.bxc5 Rd1
30.Kf4 Ke6 31.Kg5 g6 32.h4 a5 33.a4 Rd4 34.Re3 Rd2 35.g3 Rd4 36.f4 Rd8 37.Kh6 Rd4
38.Kg7 Be8 39.Nd5 Bxa4 40.Ra3 Bc6 41.Rxa5 Rxc4 42.Nf6 Rc3 43.Ra8 Rxg3 44.Rd8 Rf3
45.Rd4 Be4 46.Kf8 Rd3 47.Rd6+ Rxd6 48.cxd6 Bc6 49.d7 Bxd7 50.Nxd7 g5 51.Nc5+ Kd5
52.fxg5 Kxc5 53.g6 fxg6 54.e6  1-0

[Event "300 Years"]
[Site "St Petersburg RUS"]
[Date "2003.10.18"]
[Round "1"]
[White "Frolyanov,D"]
[Black "Kozlov,Vladimir"]
[Result "1/2-1/2"]
[WhiteElo "2482"]
[BlackElo "2092"]

1.e4 c5 2.Nf3 e6 3.d4 cxd4 4.Nxd4 Nc6 5.Nc3 a6 6.g3 d6 7.Bg2 Bd7 8.O-O Nf6
9.a4 Be7 10.Nb3 O-O 11.f4 Rc8 12.Be3 Nb4 13.a5 Qc7 14.Bb6 Qb8 15.g4 Bc6 16.g5 Nd7
17.Be3 Rfe8 18.Qd2 b6 19.Ne2 Bb5 20.c3 Nc6 21.Rf2 Bc4 22.Nbc1 bxa5 23.Ng3 Bf8
24.Qd1 d5 25.b3 Bb5 26.f5 exf5 27.Nxf5 Nce5 28.exd5 Rxc3 29.Bd4 Rxc1 30.Qxc1 Nd3
31.Qc3 Rc8 32.Qd2 Nxf2 33.Qxf2 Bd3 34.Re1 Rc2 35.Qf3 Qb4 36.Qxd3 Qxe1+ 37.Bf1 Rc1
38.d6 Rd1 39.Qf3 Rd2 40.Bc3 Ne5 41.Qf4 Rg2+ 42.Kxg2 Qxc3 43.Bc4 Nxc4 44.bxc4 Qc2+
45.Kh3 Qd3+ 46.Kh4 a4 47.Nd4 h6 48.gxh6 a3 49.Qe5 a2 50.d7 Be7+ 51.Qxe7 Qxd4+
52.Kg3 Qd3+ 53.Kf2 Qd4+ 54.Kf3 Qd3+ 55.Kf2 Qd4+ 56.Kf3 Qd3+  1/2-1/2

[Event "EuTCh"]
[Site "Plovdiv BUL"]
[Date "2003.10.19"]
[Round "8"]
[White "Azarov,S"]
[Black "Ivanisevic,I"]
[Result "1-0"]
[WhiteElo "2542"]
[BlackElo "2548"]

1.e4 c5 2.Nf3 e6 3.d4 cxd4 4.Nxd4 Nc6 5.Nc3 Qc7 6.Be3 a6 7.Qd2 Nxd4 8.Bxd4 b5
9.O-O-O Bb7 10.Qe3 Rc8 11.Bd3 Nf6 12.Kb1 Bc5 13.Bxc5 Qxc5 14.Qg3 O-O 15.e5 Nh5
16.Qg5 g6 17.f4 f6 18.Qh6 Rf7 19.g4 Nxf4 20.Qxf4 fxe5 21.Qg3 Rf3 22.Qh4 Rxd3
23.Rxd3  1-0

[Event "EuTCh"]
[Site "Plovdiv BUL"]
[Date "2003.10.20"]
[Round "9"]
[White "Sammalvuo,T"]
[Black "Sokolov,And1"]
[Result "1/2-1/2"]
[WhiteElo "2447"]
[BlackElo "2584"]

1.e4 c5 2.Nf3 e6 3.d4 cxd4 4.Nxd4 Nc6 5.Nc3 d6 6.Be3 Nf6 7.Qd2 Be7 8.f3 O-O
9.O-O-O d5 10.exd5 Nxd5 11.Nxd5 Qxd5 12.Nxc6 Qxc6 13.Kb1 Qc7 14.Bd3 Rd8 15.Qf2 b6
16.Qg3 e5 17.f4 Be6 18.f5 Rxd3 19.cxd3 Bxf5 20.Bd4 Qd7 21.Bxe5 Bf8 22.Ka1 Be6
23.d4 Qd5 24.b3 a5 25.Qf3 a4 26.Qxd5 Bxd5 27.bxa4 f6 28.Bf4 Bxg2 29.Rhg1 Bd5
30.Rb1 Rxa4 31.Rxb6 Rxd4 32.Bd6 Ra4 33.a3 Bxd6 34.Rxd6 Rxa3+ 35.Kb1 Be4+
36.Kb2 Rh3 37.Rd8+ Kf7 38.Rd7+ Ke6 39.Rdxg7 Rxh2+ 40.Kc3 h5 41.Kd4 Rh4 42.Ra1 Bd5+
43.Kd3 Rh3+ 44.Kd4 Rh4+ 45.Kd3 Rh3+ 46.Kd4 Rh4+ 47.Ke3 Rh3+  1/2-1/2

[Event "EuTCh w"]
[Site "Plovdiv BUL"]
[Date "2003.10.20"]
[Round "9"]
[White "Llaneza Vega,P"]
[Black "Milliet,S"]
[Result "0-1"]
[WhiteElo "2190"]
[BlackElo "2326"]

1.e4 c5 2.Nf3 e6 3.d4 cxd4 4.Nxd4 Nc6 5.Nc3 Qc7 6.g3 a6 7.Bg2 Nge7 8.O-O Nxd4
9.Qxd4 Nc6 10.Qc4 b5 11.Qe2 Be7 12.Bf4 d6 13.e5 O-O 14.exd6 Bxd6 15.Bxd6 Qxd6
16.Rad1 Qc7 17.Ne4 Rb8 18.Qh5 Nb4 19.Nf6+ gxf6 20.Qg4+ Kh8 21.Qxb4 Bb7 22.Bxb7 Qxb7
23.Qf4 Qe7 24.Rd6 a5 25.Rfd1 Rbd8 26.Qd2 Rxd6 27.Qxd6 Qxd6 28.Rxd6 Rc8 29.c3 a4
30.a3 Kg7 31.Kf1 f5 32.Ke2 Rc5 33.Kd3 h5 34.h4 Kf6 35.Rd8 f4 36.Ke4 fxg3
37.fxg3 Re5+ 38.Kf3 Rf5+ 39.Ke3 Re5+ 40.Kf3 Ke7 41.Rd4 Rc5 42.g4 e5 43.Rd2 hxg4+
44.Kxg4 Ke6 45.h5 Rc4+ 46.Kg3 f5 47.Rd8 Rg4+ 48.Kf2 Rh4 49.Rb8 Rxh5 50.Rxb5 f4
51.Rb4 Rh2+ 52.Kg1 Rc2 53.c4 Kf5 54.c5 e4 55.Rxa4 Rxc5 56.b4 Rc4 57.Ra8 Kg4
58.b5 Kf3 59.a4 e3 60.a5 e2 61.Re8 Rc5  0-1

[Event "EuTCh"]
[Site "Plovdiv BUL"]
[Date "2003.10.20"]
[Round "9"]
[White "Haznedaroglu,K"]
[Black "Kveinys,A"]
[Result "0-1"]
[WhiteElo "2305"]
[BlackElo "2495"]

1.e4 c5 2.Nf3 Nc6 3.d4 cxd4 4.Nxd4 e6 5.Nc3 Qc7 6.Be3 Nf6 7.Bd3 a6 8.O-O b5
9.a3 Bb7 10.Qe2 Ne5 11.h3 Rc8 12.Rae1 Qb8 13.Kh1 Nxd3 14.cxd3 d5 15.Bg5 dxe4
16.Bxf6 gxf6 17.Nxe4 Qe5 18.Qf3 Kd8 19.Qe3 Bc5 20.Nxc5 Rxc5 21.b4 Rg8 22.f3 Qxe3
23.Rxe3 Rc3 24.Ra1 Rg5 25.Ne2 Rc2 26.Rc1 Ra2 27.d4 Bd5 28.Rc5 Bc4 29.Nf4 Rd2
30.h4 Rg8 31.Rc6 Rxd4 32.Rxa6 Kc7 33.Ne2 Rd1+ 34.Kh2 Kb7 35.Nc3 Rd2  0-1

[Event "300 Years"]
[Site "St Petersburg RUS"]
[Date "2003.10.20"]
[Round "3"]
[White "Sinkevich,P"]
[Black "Kozlov,Vladimir"]
[Result "1-0"]
[WhiteElo "2323"]
[BlackElo "2092"]

1.e4 c5 2.Nf3 Nc6 3.d4 cxd4 4.Nxd4 e6 5.Nc3 a6 6.Nxc6 bxc6 7.Bd3 d5 8.O-O Nf6
9.e5 Nd7 10.Re1 g6 11.Na4 Bg7 12.Bf4 O-O 13.c4 f6 14.exf6 Qxf6 15.Bg3 Kh8
16.Rc1 a5 17.b3 d4 18.c5 e5 19.Qe2 Re8 20.Qe4 Nf8 21.Bh4 g5 22.Nb6 Ra7 23.Nxc8 Rxc8
24.Bg3 Ng6 25.Qg4 Rd8 26.Qh5 Re7 27.Bxe5 Rxe5 28.Rxe5 Qxe5 29.Bxg6 h6 30.Bd3 Qf6
31.Re1 Rf8 32.Re2 Rf7 33.g3 Bf8 34.Bc4 Re7 35.Rxe7 Bxe7 36.Qe8+ Bf8 37.Bd3 Kg7
38.Qd7+ Be7 39.Kg2 Kf8 40.Qc8+ Kg7 41.Bc4 Bf8 42.Qc7+ Qe7 43.Qxc6 Qxc5 44.Qd7+ Qe7
45.Qxd4+ Kh7 46.Qd5 Bg7 47.Bd3+ Kh8 48.Qa8+ Bf8 49.Qxa5  1-0

[Event "La Raza"]
[Site "Medellin COL"]
[Date "2003.10.21"]
[Round "11"]
[White "Cuartas,Ja"]
[Black "Arias,N"]
[Result "1-0"]
[WhiteElo "2419"]
[BlackElo "2310"]

1.e4 c5 2.Nf3 e6 3.d4 cxd4 4.Nxd4 Nc6 5.Nc3 Qc7 6.Be3 a6 7.Bd3 Nf6 8.O-O h5
9.h3 Nxd4 10.Bxd4 Bc5 11.Bxc5 Qxc5 12.Na4 Qc6 13.c4 d6 14.Rc1 Bd7 15.Nc3 g5
16.Qf3 Ke7 17.Nd5+ exd5 18.exd5 Qb6 19.Rfe1+ Be6 20.Bf5  1-0

[Event "300 Years"]
[Site "St Petersburg RUS"]
[Date "2003.10.22"]
[Round "5"]
[White "Zontakh,A"]
[Black "Vitiugov,N"]
[Result "1-0"]
[WhiteElo "2531"]
[BlackElo "2457"]

1.e4 c5 2.Nf3 e6 3.d4 cxd4 4.Nxd4 Nc6 5.Nc3 Qc7 6.f4 d6 7.Be3 Nf6 8.Qf3 Be7
9.O-O-O O-O 10.g4 Nxd4 11.Rxd4 a6 12.g5 Nd7 13.h4 b5 14.Bh3 Rb8 15.h5 b4
16.Ne2 Nc5 17.Kb1 Bb7 18.f5 Rfc8 19.Rc1 e5 20.Rc4 d5 21.exd5 e4 22.Qg3 Bd6
23.Nf4 Qa5 24.g6 Bxd5 25.gxh7+ Kxh7 26.f6  1-0